000 01204nam a22003737a 4500
005 20160113144238.0
008 160113b xxu||||| |||| 00| 0 spa d
041 _aEspañol
082 _a658
_bCh487ad13
100 _aChase, Richard B.
_9586
100 _aJacobs, F. Robert
_9587
245 _aAdministración de operaciones: producción y cadena de suministros
250 _a13 edición
260 _aMéxico
_bMcGraw Hill
_c2014
300 _a779 páginas
650 _aINVESTIGACION DE OPERACIONES
_9588
650 _aADMINISTRACION DE OPERACIONES
_9589
650 _aESTRATEGIA DE OPERACIONES
_9590
650 _aADMINISTRACION DE PROYECTOS
_9591
650 _a PROGRAMACION LINEAL
_9592
650 _a DISEÑO DE PRODUCTOS
_9593
650 _aPROCESOS
_9535
650 _aADMINISTRACION ESTRATEGICA
_9388
650 _aANALISIS DE PROCESOS
_9594
650 _aDISEÑO DE PUESTOS
_9595
650 _aCALIDAD SIX-SIGMA
_9596
650 _aCONTROL ESTADISTICO DE PROCESOS
_9597
650 _aREINGENIERIA DE OPERACIONES
_9598
650 _aCADENA DE SUMINISTROS
_9599
650 _a PLANEACION
_9600
650 _aCONTROL
_9601
650 _aCONTROL DE INVENTARIOS
_9602
942 _cBK
999 _c7347
_d7347